| 000 | 00673nam a22001937a 4500 | ||
|---|---|---|---|
| 003 | BUBTL | ||
| 008 | 200210b xxu||||| |||| 00| 0 eng d | ||
| 020 | _a9847034302022 | ||
| 082 | _a891.44 / C3927d | ||
| 100 |
_92270 _aচট্টোপাধ্যায়, শরৎচন্দ্র |
||
| 245 |
_aদেবদাস / _cশরৎচন্দ্র চট্টোপাধ্যায় |
||
| 250 | _a1st ed. | ||
| 260 |
_aঢাকা : _bমাটিগন্ধা, _cc2014. |
||
| 300 |
_a96 p. : _c22 cm. |
||
| 650 | 0 |
_91687 _aবাংলা সাহিত্য |
|
| 856 |
_k0 _l0 _yDownload |
||
| 942 |
_2ddc _cBK |
||
| 999 |
_c6278 _d6278 |
||